| 000 | 00000nam##2200000za#4500 |
| 001 | 9.680921 |
| 003 | CaOODSP |
| 005 | 20200401055751 |
| 007 | ta |
| 008 | 150407|2000||||xxc||||| f|0| 0 fre|d |
| 020 | |a0-662-84086-0 |
| 040 | |aCaOODSP|bfre |
| 043 | |an-cn--- |
| 086 | 1 |aM92-175/1999F |
| 110 | 1 |aCanada.|bRessources naturelles Canada. |bDirection des ressources énergétiques. |
| 245 | 10|aLes systèmes éoliens autonomes: guide de l'acheteur |
| 260 | |aOttawa - Ontario : |bRessources naturelles Canada. |c2000. |
| 300 | |a53p. : |bfigures, ill., tableaux ; |c28 cm. |
| 500 | |a«Cette publication a pour but de guider les lecteurs qui désirent évaluer les avantages et les risques inhérents à l'achat et à l'installation d'une éolienne de petite taille. Ce guide ne contient pas suffisamment de renseignements pour permettre au lecteur de connaître à fond tous les aspects d'une telle acquisition, car le sujet est complexe et la décision d'acheter et d'installer une éolienne dépend de nombreux facteurs.»--Verso de la page de titre. |
| 520 | 3 |aCette publication a pour but de guider les lecteurs qui désirent évaluer les avantages et les risques inhérents à l'achat et à l'installation d'une éolienne de petite taille. Ce guide ne contient pas suffisamment de renseignements pour permettre au lecteur de connaître à fond tous les aspects d'une telle acquisition, car le sujet est complexe et la décision d'acheter et d'installer une éolienne dépend de nombreux facteurs.--Verso de la page de titre |
| 563 | |aCouverture souple |
| 590 | |a00-15|b2000-04-14 |
| 691 | 07|aÉnergie éolienne|2gcpds |
| 691 | 07|aÉnergie alternative|2gcpds |
| 775 | 08|tStand-alone windenergy systems: a buyer's guide |w(CaOODSP)9.647500 |
| 776 | 0#|tLes systèmes éoliens autonomes |w(CaOODSP)9.639565 |